01361nam a22002297a 4500003000900000008004100009020001800050040007100068082001900139110005400158245002000212260006300232300002200295505065000317650004700967650001201014650001601026650002201042700002201064700002301086700002201109AR-CdUCM190322b ||||| |||| 00| 0 spa d a9972-9742-4-3 aMUNICIPALIDAD PROVINCIAL DEL CUSCOcBIBLIOTECA MUNICIPAL DEL CUSCO a086.323 /bC73 aComisión de la verdad y reconciliación Perú aInforme final / aLima :bComisión de la Verdad y Reconciliación,c2003. a9 tomos ;c24 cm. aContenido : t.1.- Primera parte -- El proceso, los hechos, las victimas -- t.2.- Primera parte -- El proceso, los hechos, las victimas -- t.3.- Primera parte -- El proceso, los hechos, las victimas -- t.4.- Primera parte -- El proceso, los hechos, las victimas -- t.5.- Primera parte -- El proceso, los hechos, las victimas -- t.6.- Primera parte -- El proceso, los hechos, las victimas -- t.7.- Primera parte -- El proceso, los hechos, las victimas -- t.8.- Segunda parte, los factores que hicieron posible la violencia -- Tercera parte, las secuelas de la violencia -- t.9.- Cuarta parte, recomendaciones de la CVR hacia la reconciliación.  aComisión de la verdad y reconciliación aPerú  aTerrorismo  aSendero Luminoso  aLerner, Salomón aAlva Hart, Beatriz aGaratea, Gastón